Level of satisfaction from the services offered by the Manila water in Jalajala, Rizal, fiscal year 2014-2015/ (Record no. 76460)

MARC details
000 -LEADER
fixed length control field 01002nam a22002417i 4500
003 - CONTROL NUMBER IDENTIFIER
control field URS
005 - DATE AND TIME OF LATEST TRANSACTION
control field 20240416181704.0
008 - FIXED-LENGTH DATA ELEMENTS--GENERAL INFORMATION
fixed length control field 190216b ||||| |||| 00| 0 eng d
040 ## - CATALOGING SOURCE
Language of cataloging eng
Description conventions rda
Transcribing agency URS Pililla Library
082 00 - DEWEY DECIMAL CLASSIFICATION NUMBER
Item number T BSBA HRDM25 2015
100 1# - MAIN ENTRY--PERSONAL NAME
Personal name Beler, Sarah Jane B.
Relator term researcher
245 10 - TITLE STATEMENT
Title Level of satisfaction from the services offered by the Manila water in Jalajala, Rizal, fiscal year 2014-2015/
Statement of responsibility, etc. Sarah Jane B. Beler
300 ## - PHYSICAL DESCRIPTION
Extent xiv, 78 leaves;
Dimensions 28 cm.
336 ## - CONTENT TYPE
Content type term text
Content type code txt
Source rdacontent
337 ## - MEDIA TYPE
Media type term unmediated
Media type code n
Source rdamedia
338 ## - CARRIER TYPE
Carrier type term volume
Carrier type code nc
Source rdacarrier
502 ## - DISSERTATION NOTE
Dissertation note Thesis
Degree type Bachelor of Science in Business Administration Major in Human Resource Development Management
Name of granting institution University of Rizal System Pililla
700 1# - ADDED ENTRY--PERSONAL NAME
Personal name Dagdag, Sharlyn G.
Relator term researcher
700 1# - ADDED ENTRY--PERSONAL NAME
Personal name Gonzaga, Rosabelle T.
Relator term researcher
700 1# - ADDED ENTRY--PERSONAL NAME
Personal name Olaño, Monina G
Relator term adviser
856 ## - ELECTRONIC LOCATION AND ACCESS
Materials specified Online Request for Student Unpublished Works
Uniform Resource Identifier <a href="https://forms.gle/7LqvGGkaDrUQqz429">https://forms.gle/7LqvGGkaDrUQqz429</a>
942 ## - ADDED ENTRY ELEMENTS (KOHA)
Source of classification or shelving scheme Dewey Decimal Classification
Koha item type Theses and dissertations

No items available.

University of Rizal System
Email us at univlibservices@urs.edu.ph

Visit our Website www.urs.edu.ph/library